000 00548cam a22002052a 4500
001 004260
003 AR-FADEU
008 311216n1978####xxu####################dd
020 _a0-87779-038-8
092 _a340.03
_bW377
_eEYDI
245 _aWEBSTER'S legal speller
260 _aSpringfield
260 _bMerriam-Webster Inc
260 _c1978
300 _a343 p
500 _aIncludes 28000 legal words spelled and divided
650 _aDERECHO; DICCIONARIOS; ORTOGRAFIA/REVISADO//TRADUC//EYDI/
546 _aInglés
942 _cEYDI
999 _c10086
_d10086